<?xml version="1.0" encoding="UTF-8"?>
<record
    xmlns:xsi="http://www.w3.org/2001/XMLSchema-instance"
    xsi:schemaLocation="http://www.loc.gov/MARC21/slim http://www.loc.gov/standards/marcxml/schema/MARC21slim.xsd"
    xmlns="http://www.loc.gov/MARC21/slim">

  <leader>02671nam1a2200337 i 4500</leader>
  <controlfield tag="001">RU\NLR\bibl\1903049</controlfield>
  <controlfield tag="005">20260407072534.0</controlfield>
  <datafield tag="010" ind1=" " ind2=" ">
    <subfield code="a">9785901679490</subfield>
  </datafield>
  <datafield tag="035" ind1=" " ind2=" ">
    <subfield code="a">(NLR Aleph) 001892657</subfield>
  </datafield>
  <datafield tag="090" ind1=" " ind2=" ">
    <subfield code="a">2940932</subfield>
    <subfield code="c">2940932</subfield>
  </datafield>
  <datafield tag="100" ind1=" " ind2=" ">
    <subfield code="a">20120515g20079999u  y0rusy50      ca</subfield>
  </datafield>
  <datafield tag="101" ind1="0" ind2=" ">
    <subfield code="a">rus</subfield>
  </datafield>
  <datafield tag="102" ind1=" " ind2=" ">
    <subfield code="a">RU</subfield>
  </datafield>
  <datafield tag="105" ind1=" " ind2=" ">
    <subfield code="a">||||z   |||||</subfield>
  </datafield>
  <datafield tag="200" ind1="1" ind2=" ">
    <subfield code="a">&#x41C;&#x435;&#x442;&#x43E;&#x434;&#x43E;&#x43B;&#x43E;&#x433;&#x438;&#x438; &#x430;&#x43D;&#x430;&#x43B;&#x438;&#x437;&#x430;, &#x43E;&#x431;&#x435;&#x441;&#x43F;&#x435;&#x447;&#x438;&#x432;&#x430;&#x44E;&#x449;&#x438;&#x435; &#x43E;&#x441;&#x43D;&#x43E;&#x432;&#x43D;&#x44B;&#x435; &#x431;&#x430;&#x43D;&#x43A;&#x43E;&#x432;&#x441;&#x43A;&#x438;&#x435; &#x43F;&#x440;&#x43E;&#x446;&#x435;&#x441;&#x441;&#x44B; &#x443;&#x43F;&#x440;&#x430;&#x432;&#x43B;&#x435;&#x43D;&#x438;&#x44F;</subfield>
    <subfield code="e">(&#x430;&#x43D;&#x430;&#x43B;&#x438;&#x437; - &#x43E;&#x441;&#x43D;&#x43E;&#x432;&#x430; &#x443;&#x43F;&#x440;&#x430;&#x432;&#x43B;&#x435;&#x43D;&#x438;&#x44F;. &#x41C;&#x435;&#x442;&#x43E;&#x434;&#x44B; &#x438;&#x441;&#x441;&#x43B;&#x435;&#x434;&#x43E;&#x432;&#x430;&#x43D;&#x438;&#x44F; &#x444;&#x438;&#x43D;&#x430;&#x43D;&#x441;&#x43E;&#x432;&#x43E;&#x433;&#x43E; &#x441;&#x43E;&#x441;&#x442;&#x43E;&#x44F;&#x43D;&#x438;&#x44F; &#x432; &#x43F;&#x440;&#x430;&#x43A;&#x442;&#x438;&#x447;&#x435;&#x441;&#x43A;&#x43E;&#x439; &#x431;&#x430;&#x43D;&#x43A;&#x43E;&#x432;&#x441;&#x43A;&#x43E;&#x439; &#x434;&#x435;&#x44F;&#x442;&#x435;&#x43B;&#x44C;&#x43D;&#x43E;&#x441;&#x442;&#x438;. &#x41A;&#x43E;&#x43C;&#x43F;&#x43B;&#x435;&#x43A;&#x441;&#x43D;&#x44B;&#x439; &#x430;&#x43D;&#x430;&#x43B;&#x438;&#x437; &#x440;&#x438;&#x441;&#x43A;&#x43E;&#x432;, &#x430;&#x43D;&#x430;&#x43B;&#x438;&#x437; &#x43A;&#x440;&#x435;&#x434;&#x438;&#x442;&#x43D;&#x44B;&#x445; &#x440;&#x438;&#x441;&#x43A;&#x43E;&#x432;; &#x430;&#x43D;&#x430;&#x43B;&#x438;&#x437; &#x43F;&#x440;&#x438; &#x443;&#x43F;&#x440;&#x430;&#x432;&#x43B;&#x435;&#x43D;&#x438;&#x438; &#x43B;&#x438;&#x437;&#x438;&#x43D;&#x433;&#x43E;&#x432;&#x44B;&#x43C;&#x438; &#x43F;&#x440;&#x43E;&#x435;&#x43A;&#x442;&#x430;&#x43C;&#x438;, &#x444;&#x430;&#x43A;&#x442;&#x43E;&#x440;&#x438;&#x43D;&#x433;&#x43E;&#x432;&#x44B;&#x43C; &#x43E;&#x431;&#x441;&#x43B;&#x443;&#x436;&#x438;&#x432;&#x430;&#x43D;&#x438;&#x435;&#x43C;. &#x410;&#x43D;&#x430;&#x43B;&#x438;&#x437; &#x43B;&#x438;&#x43A;&#x432;&#x438;&#x434;&#x43D;&#x43E;&#x441;&#x442;&#x438; &#x43F;&#x440;&#x438; &#x43F;&#x43B;&#x430;&#x43D;&#x438;&#x440;&#x43E;&#x432;&#x430;&#x43D;&#x438;&#x438; &#x438; &#x43E;&#x43F;&#x435;&#x440;&#x430;&#x442;&#x438;&#x432;&#x43D;&#x43E;&#x43C; &#x443;&#x43F;&#x440;&#x430;&#x432;&#x43B;&#x435;&#x43D;&#x438;&#x438;. &#x41C;&#x435;&#x436;&#x434;&#x443;&#x43D;&#x430;&#x440;&#x43E;&#x434;&#x43D;&#x43E;&#x435; &#x43A;&#x440;&#x435;&#x434;&#x438;&#x442;&#x43E;&#x432;&#x430;&#x43D;&#x438;&#x435;. &#x423;&#x43F;&#x440;&#x430;&#x432;&#x43B;&#x435;&#x43D;&#x438;&#x435; &#x44D;&#x43A;&#x43E;&#x43D;&#x43E;&#x43C;&#x438;&#x447;&#x435;&#x441;&#x43A;&#x43E;&#x439; &#x431;&#x435;&#x437;&#x43E;&#x43F;&#x430;&#x441;&#x43D;&#x43E;&#x441;&#x442;&#x44C;&#x44E;.)</subfield>
    <subfield code="f">&#x420;&#x43E;&#x441;. &#x44D;&#x43A;&#x43E;&#x43D;. &#x430;&#x43A;&#x430;&#x434;. &#x438;&#x43C;. &#x413;.&#x412;. &#x41F;&#x43B;&#x435;&#x445;&#x430;&#x43D;&#x43E;&#x432;&#x430;, &#x41A;&#x430;&#x444;. "&#x411;&#x430;&#x43D;&#x43A;. &#x434;&#x435;&#x43B;&#x43E;"</subfield>
    <subfield code="g">[&#x43F;&#x43E;&#x434;&#x433;&#x43E;&#x442;.: &#x434;.&#x44D;.&#x43D;., &#x43F;&#x440;&#x43E;&#x444;. &#x413;&#x43E;&#x43D;&#x447;&#x430;&#x440;&#x435;&#x43D;&#x43A;&#x43E; &#x41B;.&#x41F;. &#x438; &#x434;&#x440;.]</subfield>
    <subfield code="g">&#x43F;&#x43E;&#x434; &#x440;&#x435;&#x434;. &#x412;.&#x418;. &#x412;&#x438;&#x434;&#x44F;&#x43F;&#x438;&#x43D;&#x430;, &#x41A;.&#x420;. &#x422;&#x430;&#x433;&#x438;&#x440;&#x431;&#x435;&#x43A;&#x43E;&#x432;&#x430;</subfield>
  </datafield>
  <datafield tag="210" ind1=" " ind2=" ">
    <subfield code="a">&#x41C;&#x43E;&#x441;&#x43A;&#x432;&#x430;</subfield>
    <subfield code="c">&#x41A;&#x443;&#x447;&#x43A;&#x43E;&#x432;&#x43E; &#x43F;&#x43E;&#x43B;&#x435;</subfield>
    <subfield code="c">&#x410;&#x441;&#x441;&#x43E;&#x446;&#x438;&#x430;&#x446;&#x438;&#x44F; &#x412;&#x43E;&#x435;&#x43D;&#x43D;&#x430;&#x44F; &#x43A;&#x43D;&#x438;&#x433;&#x430;</subfield>
    <subfield code="d">2007</subfield>
  </datafield>
  <datafield tag="215" ind1=" " ind2=" ">
    <subfield code="d">24</subfield>
  </datafield>
  <datafield tag="225" ind1="1" ind2=" ">
    <subfield code="a">&#x411;&#x438;&#x431;&#x43B;&#x438;&#x43E;&#x442;&#x435;&#x43A;&#x430; &#x431;&#x430;&#x43D;&#x43A;&#x438;&#x440;&#x430; &#x412;&#x441;&#x435; &#x43E; &#x43A;&#x43E;&#x43C;&#x43C;&#x435;&#x440;&#x447;&#x435;&#x441;&#x43A;&#x43E;&#x43C; &#x431;&#x430;&#x43D;&#x43A;&#x435;</subfield>
    <subfield code="e">(&#x444;&#x443;&#x43D;&#x43A;&#x446;&#x438;&#x438;, &#x43E;&#x440;&#x433;&#x430;&#x43D;&#x438;&#x437;&#x430;&#x446;&#x438;&#x44F;, &#x430;&#x43D;&#x430;&#x43B;&#x438;&#x437;, &#x443;&#x43F;&#x440;&#x430;&#x432;&#x43B;&#x435;&#x43D;&#x438;&#x435;, &#x442;&#x435;&#x445;&#x43D;&#x43E;&#x43B;&#x43E;&#x433;&#x438;&#x44F; &#x431;&#x430;&#x43D;&#x43A;&#x430;)</subfield>
    <subfield code="v">&#x43A;&#x43D;. 6</subfield>
  </datafield>
  <datafield tag="463" ind1=" " ind2="0">
    <subfield code="1">0011874047</subfield>
  </datafield>
  <datafield tag="463" ind1=" " ind2="0">
    <subfield code="1">0011874730</subfield>
  </datafield>
  <datafield tag="606" ind1="1" ind2=" ">
    <subfield code="a">&#x41A;&#x43E;&#x43C;&#x43C;&#x435;&#x440;&#x447;&#x435;&#x441;&#x43A;&#x438;&#x435; &#x431;&#x430;&#x43D;&#x43A;&#x438;</subfield>
    <subfield code="x">&#x423;&#x43F;&#x440;&#x430;&#x432;&#x43B;&#x435;&#x43D;&#x438;&#x435;</subfield>
    <subfield code="9">1542004</subfield>
    <subfield code="3">RU\NLR\auth\66973585</subfield>
  </datafield>
  <datafield tag="686" ind1=" " ind2=" ">
    <subfield code="a">&#x423;26(2)210.1-21</subfield>
  </datafield>
  <datafield tag="702" ind1=" " ind2="1">
    <subfield code="a">&#x413;&#x43E;&#x43D;&#x447;&#x430;&#x440;&#x435;&#x43D;&#x43A;&#x43E;</subfield>
    <subfield code="b">&#x41B;. &#x41F;.</subfield>
    <subfield code="g">&#x41B;&#x44E;&#x434;&#x43C;&#x438;&#x43B;&#x430; &#x41F;&#x435;&#x442;&#x440;&#x43E;&#x432;&#x43D;&#x430;</subfield>
    <subfield code="4">220</subfield>
  </datafield>
  <datafield tag="702" ind1=" " ind2="1">
    <subfield code="4">340</subfield>
    <subfield code="8">rus</subfield>
    <subfield code="7">ca</subfield>
    <subfield code="a">&#x412;&#x438;&#x434;&#x44F;&#x43F;&#x438;&#x43D;</subfield>
    <subfield code="b">&#x412;. &#x418;.</subfield>
    <subfield code="g">&#x412;&#x438;&#x442;&#x430;&#x43B;&#x438;&#x439; &#x418;&#x432;&#x430;&#x43D;&#x43E;&#x432;&#x438;&#x447;</subfield>
    <subfield code="3">RU\NLR\auth\775210</subfield>
    <subfield code="9">115177</subfield>
  </datafield>
  <datafield tag="712" ind1="0" ind2="2">
    <subfield code="4">570</subfield>
    <subfield code="a">&#x420;&#x43E;&#x441;&#x441;&#x438;&#x439;&#x441;&#x43A;&#x430;&#x44F; &#x44D;&#x43A;&#x43E;&#x43D;&#x43E;&#x43C;&#x438;&#x447;&#x435;&#x441;&#x43A;&#x430;&#x44F; &#x430;&#x43A;&#x430;&#x434;&#x435;&#x43C;&#x438;&#x44F; &#x438;&#x43C;. &#x413;. &#x412;. &#x41F;&#x43B;&#x435;&#x445;&#x430;&#x43D;&#x43E;&#x432;&#x430;</subfield>
    <subfield code="b">&#x41A;&#x430;&#x444;&#x435;&#x434;&#x440;&#x430; "&#x411;&#x430;&#x43D;&#x43A;&#x43E;&#x432;&#x441;&#x43A;&#x43E;&#x435; &#x434;&#x435;&#x43B;&#x43E;"</subfield>
    <subfield code="3">RU\NLR\AUTH\8810036378</subfield>
    <subfield code="9">571426</subfield>
  </datafield>
  <datafield tag="801" ind1=" " ind2="0">
    <subfield code="a">RU</subfield>
    <subfield code="b">NLR</subfield>
    <subfield code="c">20120515</subfield>
    <subfield code="g">RCR</subfield>
  </datafield>
  <datafield tag="801" ind1=" " ind2="1">
    <subfield code="a">RU</subfield>
    <subfield code="b">NLR</subfield>
    <subfield code="c">20120515</subfield>
  </datafield>
  <datafield tag="830" ind1=" " ind2=" ">
    <subfield code="a">&#x441;&#x43E;&#x441;&#x442;., &#x440;&#x435;&#x434;. &#x43F;&#x43E; &#x42D;&#x41A;</subfield>
  </datafield>
  <datafield tag="852" ind1=" " ind2=" ">
    <subfield code="a">NLR</subfield>
    <subfield code="j">2012-7/2333</subfield>
  </datafield>
  <datafield tag="942" ind1=" " ind2=" ">
    <subfield code="c">BOOK</subfield>
  </datafield>
</record>
